| 000 | 00762nam a22002055i 4500 | ||
|---|---|---|---|
| 001 | 170328 | ||
| 003 | ES-MaACL | ||
| 005 | 20250918194608.0 | ||
| 008 | 090224s1962 fr |||| | fre d | ||
| 080 | _a782.1 | ||
| 100 | 1 |
_aColette, _d1873-1954 _9161423 |
|
| 245 | 1 | 2 |
_aL'enfant et les sortilèges _b: fantaisie lyrique en deux parties / _cpar Colette ; musique de Maurice Ravel ; english translation by Katharine Wolff. |
| 260 |
_aParis : _bDurand & Cie., _c1962. |
||
| 300 |
_a49 p. ; _c20 cm. |
||
| 500 | _aTexto en inglés y francés. | ||
| 650 | 1 | 4 |
_aÓperas- _vLibretos. _9137584 |
| 700 | 0 |
_aRavel, Maurice, _d1875-1937 _995576 |
|
| 852 |
_aES-MaACL _j2249-F-20 _9R.140876 _z.- Biblioteca Jacinto Martínez Lacalle |
||
| 999 |
_c170328 _d170328 |
||